| 000 | 00658nam a2200253Ia 4500 | ||
|---|---|---|---|
| 003 | OSt | ||
| 005 | 20221007111609.0 | ||
| 006 | a|||||r|||| 00| 0 | ||
| 007 | ta | ||
| 008 | 221006b |||||||| |||| 00| 0 eng d | ||
| 024 | _a23,897 | ||
| 037 | _cTextual | ||
| 040 |
_aLCO _cLCO _beng |
||
| 041 |
_2eng _aeng |
||
| 082 | _aX621:31, L2 | ||
| 100 |
_aMittra S. _9243303 |
||
| 245 | 0 | _aMonetary Politics In India | |
| 250 | _a1st | ||
| 260 |
_aBombay _bVora & Co.Publishers Pvt. Limited India _c1972 |
||
| 300 | _a250 | ||
| 650 |
_aMONETARY POLITICS _9708409 |
||
| 942 |
_hX621:31, L2 _cTEXL |
||
| 999 |
_c1193460 _d1193460 |
||